[Event "CAN-op"]
[Site "Sault Ste Marie CAN"]
[Date "2017.07.12"]
[Round "5.13"]
[White "Chakkoli, Shiva"]
[Black "Munro, Allan"]
[Result "0-1"]
[WhiteElo "2075"]
[BlackElo "2083"]
[WhiteFideId "-1"]
[WhiteFideId "-1"]
[PlyCount "88"]
[GameId "2160767908343862"]
[EventDate "2017.07.08"]
[EventType "swiss"]
[EventRounds "9"]
[EventCountry "CAN"]
[SourceTitle "hb 2017"]

1. c4 e5 2. Nc3 Nf6 3. g3 Bb4 4. Bg2 Bxc3 5. bxc3 Nc6 6. e4 d6 7. h3 O-O 8. Ne2 h6 9. O-O Nh7 10. d3 f5 11. f4 fxe4 12. Bxe4 Bxh3 13. Rf2 Nf6 14. Bd5+ Nxd5 15. cxd5 Ne7 16. Kh2 Qd7 17. Qb3 Ng6 18. Ng1 Bf5 19. c4 Rae8 20. Bd2 b6 21. Raf1 e4 22. d4 Bg4 23. Re1 Qf5 24. Kh1 Rf7 25. Rh2 Rfe7 26. Kg2 Nf8 27. Be3 Nd7 28. Nh3 Nf6 29. Nf2 Bf3+ 30. Kg1 Qg6 31. Rh3 Rf8 32. c5 Qf5 33. cxd6 cxd6 34. Kh2 Rc8 35. Rc1 Rec7 36. Rxc7 Rxc7 37. Qa4 Qc8 38. g4 Nxg4+ 39. Nxg4 Bxg4 40. Rh4 Rc2+ 41. Kg1 Bf3 42. f5 Rg2+ 43. Kf1 a5 44. f6 Qa6+ 0-1

[Event "CAN-op"]
[Site "Sault Ste Marie CAN"]
[Date "2017.07.12"]
[Round "5.14"]
[White "Zhang, Henry"]
[Black "Doubleday, William"]
[Result "0-1"]
[WhiteElo "1914"]
[BlackElo "1950"]
[WhiteFideId "-1"]
[WhiteFideId "-1"]
[PlyCount "94"]
[GameId "2160767908343863"]
[EventDate "2017.07.08"]
[EventType "swiss"]
[EventRounds "9"]
[EventCountry "CAN"]
[SourceTitle "hb 2017"]

1. e4 c5 2. Nf3 Nc6 3. d4 cxd4 4. Nxd4 Qb6 5. Nb3 Nf6 6. Nc3 e6 7. Bd3 d6 8. Be3 Qc7 9. O-O Be7 10. f4 a6 11. Qf3 O-O 12. Rae1 Rb8 13. g4 b5 14. g5 Nd7 15. Qh5 g6 16. Qh6 Re8 17. Rf3 Bf8 18. Qh4 Qd8 19. Rh3 h5 20. f5 Nde5 21. Be2 exf5 22. Bxh5 Bg7 23. Bd1 f4 24. Qh7+ Kf8 25. Bxf4 Bxh3 26. Qxh3 Ne7 27. Rf1 Kg8 28. Bg4 b4 29. Ne2 Nxg4 30. Qxg4 Qb6+ 31. Kh1 Rbd8 32. Qf3 d5 33. Be3 Qe6 34. Nc5 dxe4 35. Nxe4 Nf5 36. N2g3 Nxg3+ 37. Nxg3 Qxe3 38. Qxf7+ Kh7 39. Nh5 Qe4+ 40. Rf3 Rd1+ 41. Kg2 Qg4+ 42. Ng3 Re2+ 43. Rf2 Rdd2 44. Rxe2 Rxe2+ 45. Kf1 Rxc2 46. Qd5 Qf4+ 47. Ke1 Qe3+ 0-1

[Event "CAN-op"]
[Site "Sault Ste Marie CAN"]
[Date "2017.07.13"]
[Round "6"]
[White "Ragnarsson, Dagur"]
[Black "Perez Garcia, Rodney Oscar"]
[Result "1/2-1/2"]
[WhiteElo "2355"]
[BlackElo "2299"]
[WhiteFideId "-1"]
[WhiteFideId "-1"]
[PlyCount "118"]
[GameId "2160767908343866"]
[EventDate "2017.07.08"]
[EventType "swiss"]
[EventRounds "9"]
[EventCountry "CAN"]
[SourceTitle "EXT 2018"]
[Source "ChessBase"]
[SourceDate "2017.10.13"]
[SourceVersion "1"]
[SourceVersionDate "2017.10.13"]
[SourceQuality "1"]

1. f4 d5 2. Nf3 Nc6 3. g3 Bg4 4. d4 Bxf3 5. exf3 e6 6. Nc3 g6 7. Ne2 Bg7 8. Be3 Nge7 9. c3 b5 10. Nc1 Qb8 11. Nd3 b4 12. Rb1 Qb6 13. Be2 bxc3 14. bxc3 Qa5 15. Bd2 O-O 16. O-O Rab8 17. Qc2 Rxb1 18. Rxb1 Rb8 19. Rb3 Nf5 20. Ne5 Rxb3 21. Nxc6 Qb6 22. Qxb3 Qxc6 23. Qb8+ Bf8 24. Qxa7 Qb6 25. Qxb6 cxb6 26. a4 Ba3 27. Kf1 Kf8 28. Ke1 Ke8 29. Kd1 Be7 30. Kc2 Kd7 31. Bb5+ Kd8 32. Bc1 Nd6 33. Bd3 Kc7 34. Kb3 Bf6 35. g4 Kc6 36. f5 gxf5 37. h3 e5 38. dxe5 Bxe5 39. Be3 f4 40. Bf2 h6 41. h4 f6 42. Kb4 Nb7 43. Bb5+ Kc7 44. Bd3 Nc5 45. Bxc5 bxc5+ 46. Kxc5 Bxc3 47. Kxd5 Be1 48. Ke4 Bxh4 49. Kxf4 Bg5+ 50. Kg3 Bd2 51. Kh4 Kb6 52. Kh5 Ka5 53. Kg6 Bg5 54. Bc2 Kb4 55. Kf5 Ka5 56. f4 Bh4 57. Kg6 Bg3 58. f5 Bh4 59. Kxh6 Bg5+ 1/2-1/2

[Event "CAN-op"]
[Site "Sault Ste Marie CAN"]
[Date "2017.07.13"]
[Round "6.6"]
[White "Plotkin, Victor"]
[Black "Tarjan, James"]
[Result "1/2-1/2"]
[WhiteElo "2265"]
[BlackElo "2408"]
[WhiteFideId "-1"]
[WhiteFideId "-1"]
[PlyCount "87"]
[GameId "2160767908343871"]
[EventDate "2017.07.08"]
[EventType "swiss"]
[EventRounds "9"]
[EventCountry "CAN"]
[SourceTitle "hb 2017"]

1. e4 g6 2. d4 Bg7 3. Nc3 d6 4. Be3 a6 5. Bc4 e6 6. Bb3 Nd7 7. Qd2 h6 8. Nge2 Ne7 9. h4 b5 10. a4 b4 11. Na2 a5 12. h5 g5 13. f4 gxf4 14. Bxf4 Nf6 15. Ng3 Bb7 16. Qe2 O-O 17. O-O-O Kh8 18. c4 bxc3 19. Nxc3 Ba6 20. Qe3 Nfg8 21. Nge2 Qb8 22. Bc2 e5 23. dxe5 dxe5 24. Bg3 Qb4 25. Rd2 f5 26. exf5 Nxf5 27. Qe4 Rab8 28. Qxb4 Rxb4 29. Bf2 Nd4 30. Nxd4 exd4 31. Nd5 c5 32. Nxb4 axb4 33. b3 Be5 34. Kb1 d3 35. Bd1 Bc3 36. Bxc5 Re8 37. Ra2 Nf6 38. Rh4 Ne4 39. Be3 Bf6 40. Rxe4 Rxe4 41. Rf2 Bc3 42. Bxh6 Re2 43. Rxe2 dxe2 44. Bxe2 1/2-1/2

[Event "CAN-op"]
[Site "Sault Ste Marie CAN"]
[Date "2017.07.13"]
[Round "6.7"]
[White "Itkin, David"]
[Black "Mulyar, Michael"]
[Result "0-1"]
[WhiteElo "2181"]
[BlackElo "2395"]
[WhiteFideId "-1"]
[WhiteFideId "-1"]
[PlyCount "102"]
[GameId "2160767908343872"]
[EventDate "2017.07.08"]
[EventType "swiss"]
[EventRounds "9"]
[EventCountry "CAN"]
[SourceTitle "hb 2017"]

1. e4 Nf6 2. e5 Nd5 3. d4 d6 4. Nf3 g6 5. Bc4 c6 6. a4 Bg7 7. h3 O-O 8. O-O dxe5 9. Nxe5 Bf5 10. c3 Nd7 11. Nf3 Qc7 12. Bg5 N7f6 13. Nbd2 Rad8 14. Re1 c5 15. Qb3 Nb6 16. Bf1 h6 17. Bh4 cxd4 18. Bg3 Qc8 19. Nxd4 e6 20. Be5 Nbd7 21. Bd6 Nc5 22. Bxc5 Qxc5 23. Qxb7 Rb8 24. Qc6 Qxc6 25. Nxc6 Rxb2 26. Nc4 Rb7 27. N4e5 Rc7 28. Rac1 Rfc8 29. Nd4 Ne4 30. Nb5 Bxe5 31. Nxc7 Bxc7 32. Ba6 Rd8 33. g4 Ng5 34. gxf5 Nf3+ 35. Kf1 Nxe1 36. Kxe1 gxf5 37. c4 Rd3 38. c5 Rxh3 39. c6 Rh4 40. Bb5 a6 41. Bxa6 Rxa4 42. Bb7 Rd4 43. Ke2 Kg7 44. Ke3 Re4+ 45. Kf3 h5 46. Rd1 Rc4 47. Rd7 Be5 48. Kg2 Rc3 49. f3 h4 50. Kh3 Rxf3+ 51. Kxh4 Bf6+ 0-1

[Event "CAN-op"]
[Site "Sault Ste Marie CAN"]
[Date "2017.07.13"]
[Round "6.9"]
[White "Henry, Liam"]
[Black "Shen, Christopher"]
[Result "1-0"]
[WhiteElo "2082"]
[BlackElo "2165"]
[WhiteFideId "-1"]
[WhiteFideId "-1"]
[PlyCount "95"]
[GameId "2160767908343873"]
[EventDate "2017.07.08"]
[EventType "swiss"]
[EventRounds "9"]
[EventCountry "CAN"]
[SourceTitle "hb 2017"]

1. e4 e6 2. d3 c5 3. Nf3 Nc6 4. g3 g6 5. Bg2 Bg7 6. O-O Nge7 7. c3 e5 8. Nbd2 d6 9. a4 h6 10. Nc4 O-O 11. Rb1 Be6 12. b4 d5 13. Ncd2 dxe4 14. dxe4 cxb4 15. cxb4 Rc8 16. b5 Nd4 17. Nxd4 Qxd4 18. Bb2 Qc5 19. Qe2 Rfd8 20. Rfc1 Qb4 21. Bc3 Qa3 22. Ra1 Qd6 23. Nf3 Bc4 24. Qb2 f6 25. Bxe5 fxe5 26. Rxc4 Rxc4 27. Qa2 Qd3 28. Rc1 Rdc8 29. Ne1 Qa3 30. Qxa3 Rxc1 31. Kf1 Bf6 32. Bh3 R8c7 33. Ke2 Nc8 34. Bxc8 Rxc8 35. Qe3 R8c4 36. Nd3 R4c2+ 37. Kf3 Rd1 38. Nxe5 Kg7 39. Qb3 Bxe5 40. Qxc2 Rd7 41. Ke2 g5 42. Qc5 Bd4 43. Qc8 Rf7 44. f3 b6 45. Kd3 Be5 46. f4 Bd6 47. e5 Bc5 48. Ke4 1-0

[Event "CAN-op"]
[Site "Sault Ste Marie CAN"]
[Date "2017.07.13"]
[Round "6.10"]
[White "Sundar, Avinaash"]
[Black "Mills, Morgon"]
[Result "1/2-1/2"]
[WhiteElo "2073"]
[BlackElo "2011"]
[WhiteFideId "-1"]
[WhiteFideId "-1"]
[PlyCount "157"]
[GameId "2160767908343874"]
[EventDate "2017.07.08"]
[EventType "swiss"]
[EventRounds "9"]
[EventCountry "CAN"]
[SourceTitle "hb 2017"]

1. Nf3 d5 2. g3 c5 3. Bg2 Nf6 4. O-O Nc6 5. d4 e6 6. Nc3 Be7 7. e3 O-O 8. a3 b6 9. b3 Ba6 10. Re1 Rc8 11. Bb2 Qc7 12. Ne2 Rfd8 13. Ne5 Nxe5 14. dxe5 Ng4 15. Nf4 Nxe5 16. h4 Bf6 17. Ra2 Nd7 18. c3 g6 19. Ba1 Bg7 20. Rd2 Nf6 21. Qc2 Rd7 22. Red1 Rcd8 23. c4 dxc4 24. Rxd7 Rxd7 25. Rxd7 Nxd7 26. Bxg7 Kxg7 27. bxc4 Ne5 28. Qc3 Kg8 29. Bf1 Nf3+ 30. Kh1 Ne5 31. Kg1 h5 32. e4 Qd6 33. Nd3 Nxd3 34. Qxd3 Qxd3 35. Bxd3 e5 36. Kf1 Bb7 37. Ke2 Kf8 38. f4 Ke7 39. Ke3 Kf6 40. Be2 Ba6 41. Kf3 Bc8 42. Ke3 Be6 43. Bd3 a6 44. Kd2 Bd7 45. Kc3 Ba4 46. Be2 Bc6 47. Bd3 Ke7 48. Bc2 Bd7 49. Kd3 Bg4 50. Ba4 Bd7 51. Bc2 Ke6 52. Bb3 f5 53. Ke3 fxe4 54. Kxe4 Bc6+ 55. Ke3 Kf6 56. Bc2 Be8 57. Ke4 exf4 58. Kxf4 b5 59. cxb5 axb5 60. Bd3 Bc6 61. Be2 b4 62. axb4 cxb4 63. Ke3 b3 64. Kd2 Be4 65. Kc3 Bc2 66. g4 hxg4 67. Bxg4 Bf5 68. Be2 Be6 69. Bd3 Bf7 70. Be4 Kg7 71. Bd3 Kh6 72. Be2 Be6 73. Bf3 Kg7 74. Be4 Kf6 75. Bd3 Bf5 76. Bc4 Bc2 77. Bb5 Kf5 78. Be8 Bd1 79. Bf7 1/2-1/2

[Event "CAN-op"]
[Site "Sault Ste Marie CAN"]
[Date "2017.07.13"]
[Round "6.11"]
[White "Hua, Eugene"]
[Black "Doubleday, William"]
[Result "1-0"]
[WhiteElo "2251"]
[BlackElo "1950"]
[WhiteFideId "-1"]
[WhiteFideId "-1"]
[PlyCount "65"]
[GameId "2160767908343875"]
[EventDate "2017.07.08"]
[EventType "swiss"]
[EventRounds "9"]
[EventCountry "CAN"]
[SourceTitle "hb 2017"]

1. e4 c5 2. Nf3 Nc6 3. Bb5 g6 4. Bxc6 dxc6 5. O-O Bg7 6. d3 Nf6 7. h3 Nd7 8. Nc3 e5 9. Be3 Qe7 10. Qd2 Nf8 11. Ne2 Ne6 12. c3 O-O 13. Nh2 b6 14. f4 exf4 15. Nxf4 Nxf4 16. Bxf4 Ba6 17. Rf3 Rad8 18. Raf1 Rd7 19. Ng4 f6 20. Bh6 f5 21. exf5 Rxf5 22. Rxf5 gxf5 23. Rxf5 Bxd3 24. Rf4 Bg6 25. Qf2 Rd1+ 26. Kh2 Qd6 27. Bg5 Bf5 28. Ne3 Rd2 29. Qg3 Be6 30. Bh6 Qe7 31. Nf5 Bxf5 32. Rxf5 Rd5 33. Bxg7 1-0

[Event "CAN-op"]
[Site "Sault Ste Marie CAN"]
[Date "2017.07.13"]
[Round "6.12"]
[White "Munro, Allan"]
[Black "Fradkin, Benjamin"]
[Result "1-0"]
[WhiteElo "2083"]
[BlackElo "1868"]
[WhiteFideId "-1"]
[WhiteFideId "-1"]
[PlyCount "117"]
[GameId "2160767908343876"]
[EventDate "2017.07.08"]
[EventType "swiss"]
[EventRounds "9"]
[EventCountry "CAN"]
[SourceTitle "hb 2017"]

1. e4 c6 2. d4 d5 3. Nc3 e6 4. Nf3 dxe4 5. Nxe4 Be7 6. Bd3 Nf6 7. O-O Nbd7 8. c3 Nxe4 9. Bxe4 Nf6 10. Bc2 a5 11. Re1 Bd7 12. Ne5 b5 13. Qf3 O-O 14. Nxc6 Bxc6 15. Qxc6 b4 16. Qf3 bxc3 17. bxc3 Qd5 18. Qh3 Bd6 19. Bb3 Qh5 20. Qxh5 Nxh5 21. c4 Bb4 22. Rd1 a4 23. Bc2 Rfc8 24. Bd3 Rd8 25. Be3 f5 26. Be2 Nf6 27. Bf3 Rac8 28. Rac1 h6 29. h4 Ba3 30. Rc2 Rc7 31. Rb1 Bd6 32. g3 Nd5 33. Bd2 Be7 34. Ba5 Rdc8 35. Bxc7 Rxc7 36. Bxd5 exd5 37. c5 Bf6 38. Rb4 a3 39. Rc3 Rc6 40. Rxa3 f4 41. Rab3 fxg3 42. fxg3 Re6 43. Kf2 Kh7 44. Re3 Ra6 45. a4 h5 46. Ke2 Kg6 47. Kd3 Kf5 48. Kc3 Kg4 49. Kb3 Kh3 50. Rc3 Bd8 51. c6 Ra8 52. c7 Bxc7 53. Rxc7 Kxg3 54. Rxg7+ Kxh4 55. Rb5 Rd8 56. a5 Kh3 57. Ka4 h4 58. Rb3+ Kh2 59. Rh7 1-0

[Event "CAN-op"]
[Site "Sault Ste Marie CAN"]
[Date "2017.07.13"]
[Round "6.14"]
[White "Zhang, Henry"]
[Black "Chakkoli, Shiva"]
[Result "1-0"]
[WhiteElo "1914"]
[BlackElo "2075"]
[WhiteFideId "-1"]
[WhiteFideId "-1"]
[PlyCount "51"]
[GameId "2160767908343878"]
[EventDate "2017.07.08"]
[EventType "swiss"]
[EventRounds "9"]
[EventCountry "CAN"]
[SourceTitle "hb 2017"]

1. e4 e6 2. d4 d5 3. Nd2 dxe4 4. Nxe4 Nf6 5. Nxf6+ Qxf6 6. Nf3 h6 7. Bd3 Nd7 8. O-O Bd6 9. Qe2 Qe7 10. Re1 O-O 11. b3 Re8 12. Bb2 a6 13. Rad1 Rb8 14. Ne5 Nxe5 15. dxe5 Bb4 16. Qe4 g6 17. Re3 Qf8 18. Rh3 Be7 19. Bc1 Bg5 20. Bxg5 hxg5 21. Qg4 Rd8 22. Qxg5 Bd7 23. Bxg6 fxg6 24. Qxg6+ Qg7 25. Qxg7+ Kxg7 26. Rhd3 1-0

[Event "CAN-op"]
[Site "Sault Ste Marie CAN"]
[Date "2017.07.14"]
[Round "7"]
[White "Perez Garcia, Rodney Oscar"]
[Black "Lenderman, Aleksandr"]
[Result "1/2-1/2"]
[WhiteElo "2299"]
[BlackElo "2585"]
[WhiteFideId "-1"]
[WhiteFideId "-1"]
[PlyCount "74"]
[GameId "2160767908343879"]
[EventDate "2017.07.08"]
[EventType "swiss"]
[EventRounds "9"]
[EventCountry "CAN"]
[SourceTitle "EXT 2018"]
[Source "ChessBase"]
[SourceDate "2017.10.13"]
[SourceVersion "1"]
[SourceVersionDate "2017.10.13"]
[SourceQuality "1"]

1. e4 c5 2. Nf3 Nf6 3. e5 Nd5 4. d4 cxd4 5. Qxd4 e6 6. Bc4 Nc6 7. Qe4 Nb6 8. Bb3 d6 9. exd6 Bxd6 10. Nc3 Nd7 11. Bg5 Be7 12. Bxe7 Qxe7 13. Ba4 O-O 14. Bxc6 bxc6 15. O-O Nf6 16. Qe5 c5 17. Rad1 Bb7 18. Ng5 Rab8 19. b3 Ng4 20. Qf4 f5 21. h3 h6 22. Nf3 Bxf3 23. Qxf3 Ne5 24. Qf4 Ng6 25. Qd6 Qf6 26. Na4 Rbd8 27. Qxc5 Rc8 28. Qd4 Rxc2 29. Qxf6 Rxf6 30. Rd7 Nf4 31. Rxa7 Rg6 32. g3 Nxh3+ 33. Kg2 Ng5 34. Nb6 Ne4 35. Kg1 f4 36. Ra8+ Kf7 37. Ra7+ Kg8 1/2-1/2

[Event "CAN-op"]
[Site "Sault Ste Marie CAN"]
[Date "2017.07.14"]
[Round "7"]
[White "Shen, Christopher"]
[Black "Dougherty, Michael"]
[Result "0-1"]
[WhiteElo "2165"]
[BlackElo "2204"]
[WhiteFideId "-1"]
[WhiteFideId "-1"]
[PlyCount "60"]
[GameId "2160767908343881"]
[EventDate "2017.07.08"]
[EventType "swiss"]
[EventRounds "9"]
[EventCountry "CAN"]
[SourceTitle "EXT 2018"]
[Source "ChessBase"]
[SourceDate "2017.10.13"]
[SourceVersion "1"]
[SourceVersionDate "2017.10.13"]
[SourceQuality "1"]

1. c4 Nf6 2. g3 c6 3. Bg2 d5 4. Nf3 Bf5 5. cxd5 cxd5 6. Qb3 Nc6 7. Qxb7 Bd7 8. Qb3 e5 9. d3 Bb4+ 10. Bd2 Rb8 11. Bxb4 Rxb4 12. Qc3 Qb6 13. Nbd2 O-O 14. O-O e4 15. dxe4 dxe4 16. Ng5 Nd4 17. Qe3 Ng4 18. Qxe4 Bf5 19. Qe7 Rxb2 20. Rad1 Qb5 21. Ndf3 Nxe2+ 22. Kh1 Qb6 23. Nh4 Nxf2+ 24. Rxf2 Qxf2 25. Nxf7 Bh3 26. Qe5 Bxg2+ 27. Nxg2 Qxf7 28. Nf4 Qb7+ 29. Nd5 Nc3 30. Qe6+ Kh8 0-1

[Event "CAN-op"]
[Site "Sault Ste Marie CAN"]
[Date "2017.07.14"]
[Round "7.3"]
[White "Mulyar, Michael"]
[Black "Cherniaev, Alexander"]
[Result "0-1"]
[WhiteElo "2395"]
[BlackElo "2426"]
[WhiteFideId "-1"]
[WhiteFideId "-1"]
[PlyCount "76"]
[GameId "2160767908343884"]
[EventDate "2017.07.08"]
[EventType "swiss"]
[EventRounds "9"]
[EventCountry "CAN"]
[SourceTitle "hb 2017"]

1. d4 g6 2. c4 Bg7 3. Nf3 d6 4. g3 Nd7 5. Bg2 e5 6. Nc3 exd4 7. Nxd4 Ne7 8. O-O O-O 9. Bf4 h6 10. Nd5 Nc5 11. e4 Nc6 12. Nxc6 bxc6 13. Nb4 Bb7 14. Qd2 a5 15. Nc2 Kh7 16. Rab1 Re8 17. Rfe1 Nd7 18. Nd4 Ra6 19. h4 h5 20. Nf3 c5 21. Rbd1 Kg8 22. Qc2 a4 23. Ng5 Rb6 24. b3 axb3 25. axb3 Qf6 26. e5 Nxe5 27. Bxb7 Rxb7 28. Bxe5 Rxe5 29. Rxe5 Qxe5 30. Qd2 Rxb3 31. Re1 Qd4 32. Qe2 Bf8 33. Qe8 Rxg3+ 34. Kf1 Qxc4+ 35. Re2 Rg4 36. f3 Rxh4 37. Kg2 Qf4 38. Ne6 Rh2+ 0-1

[Event "CAN-op"]
[Site "Sault Ste Marie CAN"]
[Date "2017.07.14"]
[Round "7.4"]
[White "Vovk, Andrey"]
[Black "Henry, Liam"]
[Result "1-0"]
[WhiteElo "2630"]
[BlackElo "2082"]
[WhiteFideId "-1"]
[WhiteFideId "-1"]
[PlyCount "53"]
[GameId "2160767908343885"]
[EventDate "2017.07.08"]
[EventType "swiss"]
[EventRounds "9"]
[EventCountry "CAN"]
[SourceTitle "hb 2017"]

1. e4 c5 2. Nf3 d6 3. d4 cxd4 4. Nxd4 Nf6 5. Nc3 a6 6. Bg5 e6 7. f4 h6 8. Bh4 Be7 9. Bf2 Qc7 10. Qf3 Nbd7 11. Bg3 b5 12. a3 Bb7 13. Bd3 Rc8 14. O-O O-O 15. Qe2 Nc5 16. Kh1 Qb6 17. Bf2 b4 18. axb4 Qxb4 19. Rfb1 d5 20. e5 Nfe4 21. Bxe4 Nxe4 22. Nxe4 dxe4 23. f5 exf5 24. Nxf5 Rfe8 25. Qg4 Bf8 26. Nxh6+ Kh7 27. Qf5+ 1-0

[Event "CAN-op"]
[Site "Sault Ste Marie CAN"]
[Date "2017.07.14"]
[Round "7.7"]
[White "Tarjan, James"]
[Black "Ragnarsson, Dagur"]
[Result "1-0"]
[WhiteElo "2408"]
[BlackElo "2355"]
[WhiteFideId "-1"]
[WhiteFideId "-1"]
[PlyCount "65"]
[GameId "2160767908343887"]
[EventDate "2017.07.08"]
[EventType "swiss"]
[EventRounds "9"]
[EventCountry "CAN"]
[SourceTitle "hb 2017"]

1. e4 e6 2. d4 d5 3. Nd2 h6 4. Ngf3 Nf6 5. e5 Nfd7 6. Bd3 c5 7. c3 Nc6 8. O-O g5 9. b3 cxd4 10. cxd4 h5 11. Bb2 Be7 12. Ne1 Qb6 13. Nc2 Nf8 14. a3 f5 15. exf6 Bxf6 16. b4 Nxd4 17. Nxd4 Bxd4 18. Nc4 dxc4 19. Bxd4 Qd6 20. Bxh8 Qxd3 21. Qxh5+ Qg6 22. Qe2 b5 23. a4 Bd7 24. axb5 Bxb5 25. Qf3 Rc8 26. Qb7 Bd7 27. Rfd1 Qf7 28. Bc3 Ng6 29. Rxa7 Rd8 30. Bf6 Qxf6 31. Rxd7 Ne5 32. Rxd8+ Qxd8 33. Ra8 1-0

[Event "CAN-op"]
[Site "Sault Ste Marie CAN"]
[Date "2017.07.14"]
[Round "7.9"]
[White "Shi, Diwen"]
[Black "Munro, Allan"]
[Result "1-0"]
[WhiteElo "2293"]
[BlackElo "2083"]
[WhiteFideId "-1"]
[WhiteFideId "-1"]
[PlyCount "53"]
[GameId "2160767908343889"]
[EventDate "2017.07.08"]
[EventType "swiss"]
[EventRounds "9"]
[EventCountry "CAN"]
[SourceTitle "hb 2017"]

1. e4 e5 2. Nf3 Nc6 3. Nc3 Nf6 4. Bb5 Nd4 5. Bc4 Nxf3+ 6. gxf3 Bc5 7. Na4 Be7 8. d4 d5 9. exd5 exd4 10. Qxd4 c6 11. Bf4 Nh5 12. Nc3 b5 13. Bd3 O-O 14. Be3 b4 15. Ne2 cxd5 16. Ng3 Nxg3 17. hxg3 g6 18. Qf4 f5 19. Qh6 Rf7 20. O-O-O Qa5 21. Bd4 b3 22. Qxg6+ Kf8 23. Qh6+ Kg8 24. axb3 Qd8 25. Qg6+ Kf8 26. Rxh7 Rxh7 27. Qxh7 1-0

[Event "CAN-op"]
[Site "Sault Ste Marie CAN"]
[Date "2017.07.14"]
[Round "7.10"]
[White "Sundar, Avinaash"]
[Black "Itkin, David"]
[Result "1-0"]
[WhiteElo "2073"]
[BlackElo "2181"]
[WhiteFideId "-1"]
[WhiteFideId "-1"]
[PlyCount "61"]
[GameId "2160767908343890"]
[EventDate "2017.07.08"]
[EventType "swiss"]
[EventRounds "9"]
[EventCountry "CAN"]
[SourceTitle "hb 2017"]

1. e4 c6 2. d4 d5 3. e5 Bf5 4. Nd2 e6 5. Nb3 c5 6. dxc5 Bxc5 7. Nxc5 Qa5+ 8. c3 Qxc5 9. Be3 Qc7 10. f4 Ne7 11. Nf3 Nbc6 12. Rc1 Rd8 13. Be2 Bg6 14. O-O O-O 15. Qd2 Qa5 16. b4 Qa3 17. Bc5 Rfe8 18. Bb5 Rc8 19. Nd4 a6 20. Be2 Nf5 21. Nb3 Nb8 22. g4 Nh6 23. Bd6 f6 24. exf6 gxf6 25. f5 exf5 26. Qxh6 Qxa2 27. gxf5 Qxe2 28. fxg6 Qg4+ 29. Bg3 hxg6 30. Rxf6 Rc6 31. Rf4 1-0

[Event "CAN-op"]
[Site "Sault Ste Marie CAN"]
[Date "2017.07.14"]
[Round "7.12"]
[White "Mills, Morgon"]
[Black "Zhang, Henry"]
[Result "1/2-1/2"]
[WhiteElo "2011"]
[BlackElo "1914"]
[WhiteFideId "-1"]
[WhiteFideId "-1"]
[PlyCount "133"]
[GameId "2160767908343891"]
[EventDate "2017.07.08"]
[EventType "swiss"]
[EventRounds "9"]
[EventCountry "CAN"]
[SourceTitle "hb 2017"]

1. e4 c5 2. Nf3 e6 3. d4 cxd4 4. Nxd4 Nc6 5. Nxc6 bxc6 6. Bd3 d5 7. O-O Nf6 8. e5 Nd7 9. Re1 Qb6 10. c4 Ba6 11. Qc2 Bc5 12. Be3 dxc4 13. Bxc4 Bxc4 14. Qxc4 Bxe3 15. fxe3 Nxe5 16. Qc3 Qc7 17. Nd2 O-O 18. Rac1 Rfd8 19. Re2 Rd3 20. Qc2 Rad8 21. Nf1 h6 22. b3 Qd6 23. Qb2 Rd1 24. Rxd1 Qxd1 25. Rc2 Rd5 26. Rc1 Qg4 27. h3 Qb4 28. Qe2 a5 29. Rd1 Qb5 30. Qc2 Rxd1 31. Qxd1 Nd3 32. Ng3 Qd5 33. Ne2 Nf4 34. Qf1 Nxe2+ 35. Qxe2 f5 36. Kh2 Qe5+ 37. g3 Kh7 38. Qd2 Qd5 39. Qc2 Qf3 40. Qd2 Qd5 41. Qc2 Qb5 42. Kg2 Qe5 43. Qe2 Qd5+ 44. Kh2 e5 45. Qc2 e4 46. Kg2 Qb5 47. Kf2 Qb4 48. Ke2 Qd6 49. Kf2 h5 50. Qe2 g6 51. h4 Qf6 52. Qd2 Kh6 53. Qc1 Qe5 54. Kg2 Qd5 55. Qc2 Kh7 56. Kf2 c5 57. Qe2 Qd6 58. Qc2 Qe5 59. Qc1 Qf6 60. Kg2 Qd6 61. Qc2 Qd3 62. Qxc5 Qe2+ 63. Kh3 Qf1+ 64. Kh2 Qf2+ 65. Kh3 Qf1+ 66. Kh2 Qf2+ 67. Kh3 1/2-1/2

[Event "CAN-op"]
[Site "Sault Ste Marie CAN"]
[Date "2017.07.14"]
[Round "7.13"]
[White "Doubleday, William"]
[Black "Wiebe, Daniel"]
[Result "0-1"]
[WhiteElo "1950"]
[BlackElo "1939"]
[WhiteFideId "-1"]
[WhiteFideId "-1"]
[PlyCount "112"]
[GameId "2160767908343892"]
[EventDate "2017.07.08"]
[EventType "swiss"]
[EventRounds "9"]
[EventCountry "CAN"]
[SourceTitle "hb 2017"]

1. d4 Nf6 2. c4 g6 3. Nc3 d5 4. Nf3 Bg7 5. Bg5 Ne4 6. Bh4 Nxc3 7. bxc3 dxc4 8. Qa4+ c6 9. Qxc4 b6 10. e3 Ba6 11. Qb3 Bxf1 12. Kxf1 O-O 13. Ke2 c5 14. dxc5 Nc6 15. Rhd1 Qc7 16. cxb6 axb6 17. Bg3 Qb7 18. Kf1 Na5 19. Qb4 Rfc8 20. Nd4 Rc4 21. Qb2 Ra4 22. Kg1 Nc4 23. Qb3 Bf6 24. h3 Qa6 25. Nb5 Rxa2 26. Nc7 Qa4 27. Qxa4 R8xa4 28. Rxa2 Rxa2 29. Rd8+ Kg7 30. Nd5 Kh6 31. Nxf6 exf6 32. Bd6 Re2 33. Bf8+ Kg5 34. Bb4 Nd2 35. g3 Ne4 36. Rd5+ f5 37. Be7+ f6 38. Bd6 Nxf2 39. Bf4+ Kh5 40. g4+ Kh4 41. gxf5 Nxh3+ 42. Kf1 Rf2+ 43. Ke1 Nxf4 44. fxg6 hxg6 45. exf4 Rxf4 46. Rd6 g5 47. Rxb6 g4 48. Rb8 g3 49. Rh8+ Kg4 50. Ke2 g2 51. Rg8+ Kh3 52. Rh8+ Kg3 53. Rg8+ Kh2 54. Ke3 Rf5 55. Ke4 Rg5 56. Rh8+ Kg3 0-1

[Event "CAN-op"]
[Site "Sault Ste Marie CAN"]
[Date "2017.07.15"]
[Round "8"]
[White "Aryan, Chopra"]
[Black "Cherniaev, Alexander"]
[Result "1/2-1/2"]
[WhiteElo "2491"]
[BlackElo "2426"]
[WhiteFideId "-1"]
[WhiteFideId "-1"]
[PlyCount "110"]
[GameId "2160767908343894"]
[EventDate "2017.07.08"]
[EventType "swiss"]
[EventRounds "9"]
[EventCountry "CAN"]
[SourceTitle "EXT 2018"]
[Source "ChessBase"]
[SourceDate "2017.10.13"]
[SourceVersion "1"]
[SourceVersionDate "2017.10.13"]
[SourceQuality "1"]

1. e4 c5 2. Nf3 Nc6 3. d4 cxd4 4. Nxd4 Nf6 5. Nc3 e5 6. Ndb5 d6 7. Bg5 a6 8. Na3 b5 9. Nd5 Be7 10. Bxf6 Bxf6 11. c3 Bg5 12. Nc2 Ne7 13. h4 Bh6 14. a4 bxa4 15. Ncb4 O-O 16. Qxa4 Nxd5 17. Nxd5 a5 18. Bb5 Be6 19. Bc6 Rb8 20. b4 Bxd5 21. Bxd5 axb4 22. cxb4 Qb6 23. Rh3 Qxb4+ 24. Qxb4 Rxb4 25. Rf3 g6 26. g3 Kh8 27. Rf6 Rb2 28. Ra7 Bd2+ 29. Kf1 Bb4 30. g4 Bc5 31. Rd7 Rb1+ 32. Kg2 Ra1 33. g5 Ra7 34. Rfxd6 Rxd7 35. Rxd7 Kg7 36. f4 exf4 37. e5 Kg8 38. Kf3 Bb4 39. Kxf4 Bd2+ 40. Ke4 Bb4 41. h5 Ba3 42. Rc7 Bb4 43. Kf4 Ba5 44. Rd7 Bd2+ 45. Kg4 Bc3 46. Re7 Bb4 47. Rc7 Ba5 48. Rc5 Bb4 49. Rc4 Ba5 50. h6 Bd2 51. Rc6 Bb4 52. Rc7 Ba5 53. Rd7 Bc3 54. Kf4 Bd2+ 55. Kg4 Bc3 1/2-1/2